[Event "Vladivostok Russian Cup"]
[Site "Vladivostok"]
[Date "2012.09.19"]
[Round "3"]
[White "Bazlov, Yuriy"]
[Black "Starkov, Dmitry"]
[Result "1-0"]
[WhiteElo "2163"]
[BlackElo "1983"]
[PlyCount "105"]
[EventDate "2012.09.17"]
[EventType "swiss"]
[EventRounds "9"]
[EventCountry "RUS"]
[SourceTitle "CBM 150 Extra"]
[Source "ChessBase"]
[SourceDate "2012.10.19"]
[SourceVersion "1"]
[SourceVersionDate "2012.10.19"]
[SourceQuality "1"]

1. e4 e6 2. Nc3 d5 3. d4 Nf6 4. e5 Nfd7 5. f4 c5 6. Nf3 cxd4 7. Nxd4 Nc6 8. Bb5 Qc7 9. Be3 Be7 10. Qg4 0-0 11. Nxe6 fxe6 12. Qxe6+ Rf7 13. Qxd5 Nb4 14. Qe4 Nc5 15. Bxc5 Qxc5 16. a3 Bf5 17. axb4 Bxe4 18. bxc5 Rxf4 19. g3 Rg4 20. Be2 Bxh1 21. Bxg4 Bxc5 22. 0-0-0 Bc6 23. Be6+ Kf8 24. Bd5 Re8 25. Rf1+ Ke7 26. Rf7+ Kd8 27. Bxc6 bxc6 28. Rxg7 Rxe5 29. Rxh7 Re1+ 30. Kd2 Rh1 31. Ne4 Bg1 32. h4 Bd4 33. c3 Rh2+ 34. Kd3 Bg1 35. b4 Rh3 36. Ke2 Bb6 37. Kf3 Rh2 38. h5 Ke8 39. Kg4 a5 40. bxa5 Bxa5 41. Kf5 Rh1 42. Ke6 Kd8 43. h6 Re1 44. Kf5 Rf1+ 45. Kg4 Re1 46. Kf3 Rf1+ 47. Ke2 Rh1 48. g4 Bc7 49. g5 Be5 50. g6 Rh2+ 51. Kf3 Rh3+ 52. Kg4 Re3 53. Kf5 1-0

[Event "Vladivostok Russian Cup"]
[Site "Vladivostok"]
[Date "2012.09.17"]
[Round "1"]
[White "Diu, Viacheslav"]
[Black "Starkov, Dmitry"]
[Result "1-0"]
[WhiteElo "2486"]
[BlackElo "1983"]
[PlyCount "37"]
[EventDate "2012.09.17"]
[EventType "swiss"]
[EventRounds "9"]
[EventCountry "RUS"]
[SourceTitle "CBM 150 Extra"]
[Source "ChessBase"]
[SourceDate "2012.10.19"]
[SourceVersion "1"]
[SourceVersionDate "2012.10.19"]
[SourceQuality "1"]

1. d4 Nf6 2. c4 g6 3. Nc3 Bg7 4. e4 0-0 5. f4 d6 6. Nf3 Nbd7 7. Be2 c5 8. d5 a6 9. a4 Qc7 10. 0-0 Re8 11. f5 Ng4 12. Qe1 Nge5 13. Qh4 Nxf3+ 14. Rxf3 Nf8 15. Bh6 Nd7 16. Bxg7 Kxg7 17. fxg6 fxg6 18. Rf7+ Kxf7 19. Qxh7+ 1-0

[Event "Vladivostok-ch"]
[Site "Vladivostok"]
[Date "2010.10.21"]
[Round "7"]
[White "Starkov, Dmitry"]
[Black "Krochak, Mikhail"]
[Result "1-0"]
[WhiteElo "1993"]
[BlackElo "1842"]
[PlyCount "55"]
[EventDate "2010.10.15"]
[EventType "swiss"]
[EventRounds "9"]
[EventCountry "RUS"]
[SourceTitle "EXT 2022"]
[Source "ChessBase"]
[SourceDate "2021.10.06"]
[SourceVersion "1"]
[SourceVersionDate "2021.10.06"]
[SourceQuality "1"]

1. e4 Nf6 2. e5 Nd5 3. c4 Nb6 4. d4 d6 5. f4 dxe5 6. fxe5 Nc6 7. Be3 Bf5 8. Be2 e6 9. Nf3 Bxb1 10. Rxb1 Bb4+ 11. Kf2 0-0 12. Bd3 Be7 13. Rf1 Qd7 14. a3 a5 15. Kg1 Rfd8 16. Qc2 h6 17. Rbd1 Qe8 18. Qf2 Rac8 19. Qg3 h5 20. Ng5 Bxg5 21. Qxg5 g6 22. Rf6 Nd7 23. Bxg6 Nxf6 24. Bh7+ Kxh7 25. exf6 Qh8 26. Rd3 e5 27. Bd2 Rd6 28. Qh6+ 1-0

[Event "Vladivostok op-B"]
[Site "Vladivostok"]
[Date "2010.08.12"]
[Round "9"]
[White "Petrov, Ivan2222"]
[Black "Starkov, Dmitry"]
[Result "1-0"]
[WhiteElo "2177"]
[BlackElo "2008"]
[PlyCount "89"]
[EventDate "2010.08.04"]
[EventType "swiss"]
[EventRounds "9"]
[EventCountry "RUS"]
[SourceTitle "EXT 2011"]
[Source "ChessBase"]
[SourceDate "2010.11.26"]
[SourceVersion "1"]
[SourceVersionDate "2010.11.26"]
[SourceQuality "1"]

1. d4 Nf6 2. c4 g6 3. Nf3 Bg7 4. g3 0-0 5. Bg2 d6 6. 0-0 Nbd7 7. Nc3 c5 8. d5 a6 9. a4 Qc7 10. h3 Nb8 11. e4 e5 12. Qc2 Nh5 13. Qb3 f5 14. exf5 gxf5 15. Ng5 Re8 16. Ne6 Qf7 17. Qb6 Re7 18. Qxd6 Bf8 19. Qxe5 Bxe6 20. dxe6 Rxe6 21. Qxe6 Qxe6 22. Bd5 Ng7 23. Bf4 Nc6 24. Rfe1 Kf7 25. Be5 Re8 26. Bxg7 Bxg7 27. Rxe6 Rxe6 28. Bxe6+ Kxe6 29. Re1+ Kf7 30. Nd5 Bd4 31. Kg2 Ne5 32. b3 Nc6 33. f4 Bb2 34. g4 fxg4 35. hxg4 Bg7 36. Kg3 Bf8 37. g5 h6 38. Kg4 hxg5 39. fxg5 Nd4 40. Rf1+ Kg7 41. Nc7 Kg8 42. Kh5 Nxb3 43. Kg6 Na5 44. Nd5 Bd6 45. Rf7 1-0

[Event "Vladivostok op"]
[Site "Vladivostok"]
[Date "2010.06.04"]
[Round "4"]
[White "Belyi, Vladimir"]
[Black "Starkov, Dmitry"]
[Result "1/2-1/2"]
[WhiteElo "2223"]
[BlackElo "2047"]
[PlyCount "44"]
[EventDate "2010.06.01"]
[EventType "swiss"]
[EventRounds "9"]
[EventCountry "RUS"]
[SourceTitle "CBM 137 Extra"]
[Source "ChessBase"]
[SourceDate "2010.09.01"]
[SourceVersion "1"]
[SourceVersionDate "2010.09.01"]
[SourceQuality "1"]

1. d4 Nf6 2. Nf3 g6 3. Bf4 Bg7 4. Nbd2 0-0 5. e4 d6 6. Bc4 Nbd7 7. 0-0 c5 8. c3 Rb8 9. Qe2 a6 10. e5 dxe5 11. dxe5 Nh5 12. Bg5 b5 13. Bb3 c4 14. Bc2 Nc5 15. Rad1 Qc7 16. h3 f6 17. Bh4 Nf4 18. Qe1 fxe5 19. Qe3 Bf5 20. Be4 Nxe4 21. Nxe4 Rbd8 22. Ng3 Nd5 1/2-1/2

[Event "Vladivostok op"]
[Site "Vladivostok"]
[Date "2010.06.03"]
[Round "3"]
[White "Starkov, Dmitry"]
[Black "Usatikh, Mikhail"]
[Result "1-0"]
[WhiteElo "2047"]
[BlackElo "2010"]
[PlyCount "41"]
[EventDate "2010.06.01"]
[EventType "swiss"]
[EventRounds "9"]
[EventCountry "RUS"]
[SourceTitle "CBM 137 Extra"]
[Source "ChessBase"]
[SourceDate "2010.09.01"]
[SourceVersion "1"]
[SourceVersionDate "2010.09.01"]
[SourceQuality "1"]

1. e4 c5 2. Nf3 d6 3. d4 cxd4 4. Nxd4 Nc6 5. Nc3 a6 6. Be2 Nf6 7. 0-0 g6 8. Be3 Bg7 9. f4 0-0 10. Bf3 Qc7 11. Nd5 Nxd5 12. exd5 Nxd4 13. Bxd4 Bxd4+ 14. Qxd4 Qxc2 15. Rac1 Qf5 16. Rc7 Re8 17. Re1 e6 18. g4 e5 19. gxf5 exd4 20. Rxe8+ Kg7 21. Rcxc8 1-0

[Event "Vladivostok op 03"]
[Site "Vladivostok"]
[Date "2008.03.26"]
[Round "8"]
[White "Petrov, Ivan2222"]
[Black "Starkov, Dmitry"]
[Result "1-0"]
[WhiteElo "2187"]
[BlackElo "2036"]
[PlyCount "37"]
[EventDate "2008.03.22"]
[EventType "swiss"]
[EventRounds "9"]
[EventCountry "RUS"]
[SourceTitle "EXT 2022"]
[Source "ChessBase"]
[SourceDate "2021.10.06"]
[SourceVersion "1"]
[SourceVersionDate "2021.10.06"]
[SourceQuality "1"]

1. e4 e6 2. d4 d5 3. Nd2 Nf6 4. e5 Nfd7 5. Bd3 c5 6. c3 Nc6 7. Ne2 cxd4 8. cxd4 Qb6 9. Nf3 Be7 10. 0-0 0-0 11. Nf4 Nb4 12. Bb1 f6 13. a3 fxe5 14. dxe5 Na6 15. Qc2 Rf5 16. g4 Nxe5 17. Nxe5 Rxe5 18. Qxh7+ Kf8 19. Ng6+ 1-0

[Event "Vladivostok op 03"]
[Site "Vladivostok"]
[Date "2008.03.25"]
[Round "6"]
[White "Pats, Vladimir"]
[Black "Starkov, Dmitry"]
[Result "0-1"]
[WhiteElo "1992"]
[BlackElo "2036"]
[PlyCount "74"]
[EventDate "2008.03.22"]
[EventType "swiss"]
[EventRounds "9"]
[EventCountry "RUS"]
[SourceTitle "EXT 2022"]
[Source "ChessBase"]
[SourceDate "2021.10.06"]
[SourceVersion "1"]
[SourceVersionDate "2021.10.06"]
[SourceQuality "1"]

1. e4 e6 2. d4 d5 3. Nd2 Nf6 4. f3 c5 5. exd5 Nxd5 6. Ne4 cxd4 7. Qxd4 Nc6 8. Qd1 Qb6 9. c3 Be7 10. Ne2 0-0 11. Qb3 Qc7 12. Bd2 Na5 13. Qc2 Nc4 14. Nd4 Nxd2 15. Qxd2 Bh4+ 16. g3 Be7 17. Bg2 e5 18. Nc2 Rd8 19. Qe2 Be6 20. Ne3 Rac8 21. Nxd5 Bxd5 22. Bh3 Rb8 23. 0-0 Bc4 24. Qc2 Bxf1 25. Rxf1 b5 26. Re1 Qc4 27. b3 Qc6 28. Kf1 Rd5 29. Kf2 Rbd8 30. Kg1 Rd3 31. Bg2 f5 32. Nf2 Bc5 33. Re2 Rd1+ 34. Bf1 Qxf3 35. b4 Be3 36. c4 R8d2 37. Qb3 Bxf2+ 0-1

[Event "Vladivostok op 03"]
[Site "Vladivostok"]
[Date "2008.03.23"]
[Round "3"]
[White "Starkov, Dmitry"]
[Black "Frolov, Sergey2222"]
[Result "0-1"]
[WhiteElo "2036"]
[BlackElo "1878"]
[PlyCount "98"]
[EventDate "2008.03.22"]
[EventType "swiss"]
[EventRounds "9"]
[EventCountry "RUS"]
[SourceTitle "EXT 2022"]
[Source "ChessBase"]
[SourceDate "2021.10.06"]
[SourceVersion "1"]
[SourceVersionDate "2021.10.06"]
[SourceQuality "1"]

1. e4 c5 2. Nf3 d6 3. Bb5+ Nd7 4. a4 a6 5. Be2 g6 6. 0-0 Bg7 7. Nc3 b6 8. d4 cxd4 9. Nxd4 Bb7 10. f4 Ngf6 11. Bf3 0-0 12. Re1 e5 13. Nb3 Nc5 14. Nxc5 dxc5 15. Nd5 exf4 16. Nxf6+ Bxf6 17. e5 Bxf3 18. Qxd8 Bxd8 19. gxf3 g5 20. Ra3 Re8 21. Bd2 Bc7 22. Bc3 Re6 23. Raa1 Rae8 24. Rad1 Bxe5 25. Bxe5 Rxe5 26. Rxe5 Rxe5 27. Rd8+ Kg7 28. Ra8 a5 29. Rb8 Re6 30. Kf2 h6 31. Rb7 h5 32. h3 Kf6 33. Rb8 Ke5 34. Rh8 h4 35. Rd8 Rd6 36. Re8+ Kd5 37. Rf8 f6 38. Re8 c4 39. c3 Kc5 40. Rc8+ Rc6 41. Rb8 Kd5 42. Rd8+ Rd6 43. Rb8 Kc6 44. Ke2 Kc7 45. Ra8 Rd8 46. Ra7+ Kc6 47. Rf7 Rd6 48. Rf8 Re6+ 49. Kf2 b5 0-1

[Event "Vladivostok op 03"]
[Site "Vladivostok"]
[Date "2008.03.22"]
[Round "2"]
[White "Chuhachev, Vladimir"]
[Black "Starkov, Dmitry"]
[Result "0-1"]
[WhiteElo "1959"]
[BlackElo "2036"]
[PlyCount "48"]
[EventDate "2008.03.22"]
[EventType "swiss"]
[EventRounds "9"]
[EventCountry "RUS"]
[SourceTitle "EXT 2022"]
[Source "ChessBase"]
[SourceDate "2021.10.06"]
[SourceVersion "1"]
[SourceVersionDate "2021.10.06"]
[SourceQuality "1"]

1. e4 e6 2. d4 d5 3. e5 c5 4. c3 cxd4 5. cxd4 Nc6 6. Nf3 Qb6 7. Be2 Bd7 8. 0-0 Nge7 9. Na3 Nf5 10. Nc2 Be7 11. b3 0-0 12. g4 Nh4 13. Nxh4 Bxh4 14. g5 f6 15. gxf6 gxf6 16. Bh6 fxe5 17. Bd3 Bf6 18. Qg4+ Kh8 19. Bxf8 Rxf8 20. Kh1 e4 21. Bxe4 dxe4 22. Qxe4 Nxd4 23. Nxd4 Bxd4 24. f3 Bc6 0-1

[Event "Vladivostok-ch op"]
[Site "Vladivostok"]
[Date "2007.10.??"]
[Round "3"]
[White "Starkov, Dmitry"]
[Black "Tsigelnitskiy, Ilusha"]
[Result "0-1"]
[WhiteElo "2041"]
[BlackElo "2372"]
[PlyCount "48"]
[EventDate "2007.10.20"]
[EventType "swiss"]
[EventRounds "9"]
[EventCountry "RUS"]
[SourceTitle "EXT 2022"]
[Source "ChessBase"]
[SourceDate "2021.10.06"]
[SourceVersion "1"]
[SourceVersionDate "2021.10.06"]
[SourceQuality "1"]

1. c4 c5 2. Nc3 Nf6 3. g3 e6 4. Bg2 d5 5. cxd5 exd5 6. d4 cxd4 7. Qxd4 Nc6 8. Qd1 d4 9. Ne4 Nxe4 10. Bxe4 Bb4+ 11. Bd2 0-0 12. a3 Bxd2+ 13. Qxd2 Re8 14. Qc2 h6 15. Nf3 Qa5+ 16. Nd2 Bh3 17. 0-0-0 d3 18. exd3 Nd4 19. Nc4 Qc7 20. Qb1 b5 21. Bxa8 bxc4 22. Rde1 cxd3+ 23. Kd1 Rxa8 24. Re3 Bg4+ 0-1